<?xml version="1.0" encoding="UTF-8"?>
<record
    xmlns:xsi="http://www.w3.org/2001/XMLSchema-instance"
    xsi:schemaLocation="http://www.loc.gov/MARC21/slim http://www.loc.gov/standards/marcxml/schema/MARC21slim.xsd"
    xmlns="http://www.loc.gov/MARC21/slim">

  <leader>00968nab a2200229 i 4500</leader>
  <controlfield tag="001">BPP</controlfield>
  <controlfield tag="003">BPK</controlfield>
  <controlfield tag="005">20150903133724.0</controlfield>
  <controlfield tag="008">150903s1974    pl  |  |     |000 ||pol</controlfield>
  <datafield tag="040" ind1=" " ind2=" ">
    <subfield code="c">BPK</subfield>
  </datafield>
  <datafield tag="080" ind1=" " ind2=" ">
    <subfield code="a">614.2</subfield>
  </datafield>
  <datafield tag="100" ind1=" " ind2=" ">
    <subfield code="a">ZDROJEWSKA, Barbara.</subfield>
    <subfield code="d">1974 - 1996.</subfield>
    <subfield code="b">Wy&#x17C;sza Szko&#x142;a In&#x17C;ynierska w Koszalinie - Studium Nauk Spo&#x142;eczno-Politycznych</subfield>
    <subfield code="c">.</subfield>
    <subfield code="u">.</subfield>
  </datafield>
  <datafield tag="245" ind1=" " ind2=" ">
    <subfield code="a">Zagadnienia ochrony zdrowia /</subfield>
    <subfield code="c">Barbara Zdrojewska.</subfield>
  </datafield>
  <datafield tag="260" ind1=" " ind2=" ">
    <subfield code="g">.</subfield>
    <subfield code="c">1974.</subfield>
  </datafield>
  <datafield tag="500" ind1=" " ind2=" ">
    <subfield code="a">Dane z autopsji.</subfield>
  </datafield>
  <datafield tag="520" ind1=" " ind2=" ">
    <subfield code="a">Autorka w artykule przedstawia cele s&#x142;u&#x17C;by zdrowia w okresie powojennym w wojew&#xF3;dztwie koszali&#x144;skim, a tak&#x17C;e p&#xF3;&#x17A;niejsze lata s&#x142;u&#x17C;by zdrowia, m.in. kszta&#x142;cenie kadry medycznej, organizowanie konferencji, sprawy bytowe szpitali i pracownik&#xF3;w.</subfield>
  </datafield>
  <datafield tag="650" ind1=" " ind2=" ">
    <subfield code="a">Zdrowie publiczne.</subfield>
  </datafield>
  <datafield tag="650" ind1=" " ind2="0">
    <subfield code="a">Szpitale. </subfield>
  </datafield>
  <datafield tag="650" ind1=" " ind2="0">
    <subfield code="a">S&#x142;u&#x17C;ba zdrowia.</subfield>
  </datafield>
  <datafield tag="773" ind1=" " ind2=" ">
    <subfield code="i">W :</subfield>
    <subfield code="t">Koszali&#x144;skie Studia i Materia&#x142;y. -</subfield>
    <subfield code="g">1974, nr 4 (8), s. 169-186</subfield>
  </datafield>
  <datafield tag="942" ind1=" " ind2=" ">
    <subfield code="c">ART</subfield>
    <subfield code="2">UKD</subfield>
  </datafield>
  <datafield tag="999" ind1=" " ind2=" ">
    <subfield code="c">5270</subfield>
    <subfield code="d">5270</subfield>
  </datafield>
  <datafield tag="952" ind1=" " ind2=" ">
    <subfield code="0">0</subfield>
    <subfield code="1">0</subfield>
    <subfield code="4">0</subfield>
    <subfield code="7">0</subfield>
    <subfield code="a">BPK</subfield>
    <subfield code="b">BPK</subfield>
    <subfield code="o">0856</subfield>
    <subfield code="y">ART</subfield>
  </datafield>
</record>
